Normal view
MARC view
- Kramsch,Claire/Widdowson,H.G Editor
Entry Personal Name
001 - CONTROL NUMBER
- control field: 1625
003 - CONTROL NUMBER IDENTIFIER
- control field: JO-AjAnu
005 - DATE AND TIME OF LATEST TRANSACTION
- control field: 20230606070553.0
008 - FIXED-LENGTH DATA ELEMENTS
- fixed length control field: 230606|| aca||aabn | a|a d
040 ## - CATALOGING SOURCE
- Original cataloging agency: JO-AjAnu
- Transcribing agency: JO-AjAnu
100 ## - HEADING--PERSONAL NAME
- Personal name: Kramsch,Claire/Widdowson,H.G Editor
670 ## - SOURCE DATA FOUND
- Source citation: Work cat.: (JO-AjAnu)853: Kramsch,Claire/Widdowson,H.G Editor, author, Language And Culture:Oxford Introdution To Language Study